000 00579 a2200181 4500
999 _c4656
_d4656
005 20181004142543.0
010 _aENG-86524
020 _a818382112X
_c150.00
035 _aEN-70057
037 _bDBAD / PUB
082 _a649.1
245 _aComplete book of child care /
_cedited by Rajeev Sharma
260 _aNew Delhi
_bLotus Press
_c2007
270 _a4263/3, Ansari Road, Darya Ganj
_bNew Delhi
_e110 002
_k011-32903912, 011-23290047
_mlotus_press@sify.com
300 _a223 p.
_c22cm (Pbk)
700 _aSharma, Rajeev
942 _adpl
_cEN
_2ddc
_h649.1
_mCOM